书目信息 |
| 题名: |
毛泽东与美国:毛泽东对美政策思想的轨迹
|
|
| 作者: | 宫力 著 | |
| 分册: | ||
| 出版信息: | 北京 世界知识出版社 1999.01 |
|
| 页数: | 374页 | |
| 开本: | 32开 | |
| 丛书名: | ||
| 单 册: | ||
| 中图分类: | A841.64 | |
| 科图分类: | ||
| 主题词: | 毛泽东著作--学习 , 毛泽东著作研究 | |
| 电子资源: | ||
| ISBN: | 7-5012-1030-6 | |
| 000 | 00637nam0 2200205 45 | |
| 001 | 0010251728 | |
| 005 | 20001025172408.4 | |
| 010 | @a7-5012-1030-6@d17.60元 | |
| 100 | @a20001025d1999 km y0chiy0120 ea | |
| 101 | 0 | @achi |
| 105 | @a z 000yy | |
| 200 | 1 | @a毛泽东与美国:毛泽东对美政策思想的轨迹@AMao Ze Dong Yu Mei Guo:Mao Ze Dong Dui Mei Zheng Ce Si Xiang De Gui Ji@f宫力著@FGong Li Zhu |
| 210 | @a北京@c世界知识出版社@d1999.01 | |
| 215 | @a374页@d32开 | |
| 606 | 0 | @a毛泽东著作@x学习 |
| 606 | 0 | @a毛泽东著作研究 |
| 690 | @aA841.64@v3 | |
| 701 | 0 | @a宫力@4著 |
| 801 | @aCN@bPftUser@c20001025 | |
| 905 | @b189209@dA841.64@eG.323@f1 | |
| 毛泽东与美国:毛泽东对美政策思想的轨迹/宫力著.-北京:世界知识出版社,1999.01 |
| 374页;32开 |
| ISBN 7-5012-1030-6:17.60元 |
| ● |
| 相关链接 |
|
|
|
正题名:毛泽东与美国:毛泽东对美政策思想的轨迹
索取号:A841.64/G.323
 
预约/预借
| 序号 | 登录号 | 条形码 | 馆藏地/架位号 | 状态 | 备注 |
| 1 | 189209 | 201892096 | 社科库509/509社科库 5排1列5层/ [索取号:A841.64/G.323] | 在馆 |